[Event "FIDE WRBTC Blitz-Pool 2024"]
[Site "Astana"]
[Date "2024.08.05"]
[Round "1.17"]
[White "Primbetov, Kazbek"]
[Black "Dronavalli, Harika"]
[Result "1/2-1/2"]
[WhiteElo "2059"]
[BlackElo "2502"]
[Annotator "ChessBase"]
[PlyCount "128"]
[EventDate "2024.08.01"]
[EventType "team-tourn"]
[EventCountry "KAZ"]
[SourceTitle "playchess.com"]
[Source "ChessBase"]
[SourceQuality "1"]

1. e4 e6 2. Qe2 c5 3. Nf3 Nc6 4. g3 g6 5. Bg2 Bg7 6. c3 Nge7 7. O-O O-O 8. Rd1 e5 9. d3 d6 10. Nbd2 h6 11. a3 Be6 12. b4 b6 13. Bb2 Rb8 14. Nc4 b5 15. Ne3 a5 16. d4 Bb3 17. dxc5 Bxd1 18. Rxd1 Nc8 19. Bh3 N6a7 20. c4 axb4 21. axb4 bxc4 22. Qxc4 Qc7 23. Nd5 Qc6 24. Bc3 dxc5 25. bxc5 Qb5 26. Qxb5 Rxb5 27. Bxe5 Nc6 28. Bxg7 Kxg7 29. Bd7 N8a7 30. Rc1 Rd8 31. Bg4 Rdb8 32. h4 Rb1 33. Rxb1 Rxb1+ 34. Kg2 Rc1 35. h5 Rxc5 36. hxg6 fxg6 37. Be6 Rc2 38. g4 Nb5 39. Kg3 Nbd4 40. Nxd4 Nxd4 41. Bd7 Rb2 42. f4 Rb3+ 43. Kg2 Rb2+ 44. Kg3 Rb7 45. Be8 Rb8 46. Bd7 Rb3+ 47. Kg2 Ra3 48. f5 gxf5 49. gxf5 Ra6 50. Be8 Kf8 51. Bh5 Kg7 52. Kg3 Rd6 53. Kf4 Ra6 54. e5 Ra5 55. f6+ Kf8 56. Ne3 Ra4 57. Kg3 Ra3 58. Kf4 Ne6+ 59. Kf5 Rxe3 60. Kxe6 Rh3 61. Bg6 Ra3 62. Kf5 Rf3+ 63. Ke6 Ra3 64. Kf5 Rf3+ 1/2-1/2

[Event "FIDE WRBTC Blitz-Pool 2024"]
[Site "Astana"]
[Date "2024.08.05"]
[Round "1.17"]
[White "Zhumagali, Raian"]
[Black "Akhmet, Suleyman"]
[Result "0-1"]
[WhiteElo "1632"]
[BlackElo "1730"]
[Annotator "NA"]
[PlyCount "110"]
[EventDate "2024.08.01"]
[EventType "team-tourn"]
[EventCountry "KAZ"]
[SourceTitle "playchess.com"]
[Source "ChessBase"]
[SourceQuality "1"]

1. e4 c5 2. Nf3 e6 3. d4 cxd4 4. Nxd4 Nf6 5. Nc3 Nc6 6. Nxc6 bxc6 7. e5 Nd5 8. Nxd5 cxd5 9. Bd3 d6 10. exd6 Bxd6 11. Qf3 O-O 12. O-O Qh4 13. h3 Bb7 14. c3 Rab8 15. Qe3 Ra8 16. Qg5 Qxg5 17. Bxg5 f6 18. Bd2 e5 19. Rfe1 a5 20. Be3 g6 21. Rad1 Rfd8 22. Bb6 Rdc8 23. Bc2 Bc5 24. Bxc5 Rxc5 25. Bb3 a4 26. Bc2 a3 27. b4 Rxc3 28. Bb3 Rd8 29. Re2 Kg7 30. Rc2 Rxc2 31. Bxc2 Rc8 32. Bb3 d4 33. Kf1 Rc3 34. f3 Kf8 35. Ke2 Ba6+ 36. Kf2 Ke7 37. Rd2 Kd6 38. Ke1 f5 39. Bg8 Rc7 40. Bb3 Bb5 41. Kd1 h6 42. Ke1 Rc1+ 43. Kf2 f4 44. g3 Rf1+ 45. Kg2 g5 46. gxf4 gxf4 47. Ba4 Bc4 48. Rc2 Kd5 49. Bc6+ Kxc6 50. Rxc4+ Kb5 51. Rc5+ Kxb4 52. Rxe5 Rb1 53. Re2 Rb2 54. Kf2 d3 55. Rxb2+ axb2 0-1

[Event "FIDE WRBTC Blitz-Pool 2024"]
[Site "Astana"]
[Date "2024.08.05"]
[Round "1.17"]
[White "Kiribayeva, Togzhan"]
[Black "Khotenashvili, Bella"]
[Result "0-1"]
[WhiteElo "1544"]
[BlackElo "2427"]
[Annotator "ChessBase"]
[PlyCount "80"]
[EventDate "2024.08.01"]
[EventType "team-tourn"]
[EventCountry "KAZ"]
[SourceTitle "playchess.com"]
[Source "ChessBase"]
[SourceQuality "1"]

1. e4 c6 2. d3 d5 3. Nd2 e5 4. g3 Nf6 5. Bg2 Bd6 6. Ngf3 O-O 7. O-O a5 8. c3 a4 9. Qc2 Nbd7 10. Re1 Qc7 11. Nf1 dxe4 12. dxe4 Nc5 13. N3d2 Be6 14. Ne3 Rfd8 15. Ndc4 Bf8 16. h3 b5 17. Nd2 Nd3 18. Rf1 Bc5 19. Nb1 Nxc1 20. Qxc1 Qb6 21. Na3 Bxa3 22. bxa3 Qc5 23. Qc2 Qxa3 24. c4 Qc5 25. Rfc1 b4 26. Qe2 Nd7 27. Rab1 Qa5 28. f4 f6 29. f5 Bf7 30. g4 Nc5 31. Rd1 b3 32. axb3 axb3 33. Rxd8+ Rxd8 34. g5 fxg5 35. Ng4 Qc3 36. Kh1 Bxc4 37. Qf2 Nd3 38. Qe3 Qc2 39. Rf1 Nf4 40. Rc1 Qxg2# 0-1

[Event "FIDE WRBTC Blitz-Pool 2024"]
[Site "Astana"]
[Date "2024.08.05"]
[Round "1.18"]
[White "Tanikin, Isabek"]
[Black "Amangaliyev, Dauletkhan"]
[Result "1-0"]
[WhiteElo "1952"]
[BlackElo "1531"]
[Annotator "ChessBase"]
[PlyCount "101"]
[EventDate "2024.08.01"]
[EventType "team-tourn"]
[EventCountry "KAZ"]
[SourceTitle "playchess.com"]
[Source "ChessBase"]
[SourceQuality "1"]

1. e4 e6 2. d4 d5 3. Nd2 dxe4 4. Nxe4 Nd7 5. Nf3 Ngf6 6. Bd3 Nxe4 7. Bxe4 Nf6 8. Bd3 Bd6 9. O-O h6 10. c3 Bd7 11. Qe2 O-O 12. Ne5 Qe7 13. Nxd7 Qxd7 14. Qf3 Nh7 15. Qxb7 f5 16. Qf3 g5 17. Bd2 Rab8 18. b3 Nf6 19. Rfe1 Rbe8 20. Bc2 a5 21. c4 Bb4 22. Bxb4 axb4 23. Rad1 Ra8 24. Bb1 c6 25. Qe3 Rfe8 26. h3 Qc7 27. Qe5 Qe7 28. Bxf5 Nd7 29. Qxe6+ Qxe6 30. Bxe6+ Kg7 31. Bxd7 Red8 32. Bxc6 Rxa2 33. Ba4 Rf8 34. Rf1 Rf4 35. d5 Rf8 36. d6 Rd8 37. d7 Rc2 38. Rfe1 Kf7 39. Re8 Rxe8 40. dxe8=Q+ Kg7 41. Rd7+ Kf6 42. Rf7+ Kg6 43. Qe6+ Kh5 44. Qg4+ Kg6 45. Qe4+ Kxf7 46. Qxc2 Kg7 47. Qf5 Kg8 48. Be8 h5 49. Qg6+ Kh8 50. Bf7 g4 51. Qh6# 1-0

[Event "FIDE WRBTC Blitz-Pool 2024"]
[Site "Astana"]
[Date "2024.08.05"]
[Round "1.18"]
[White "Kertaev, Natan"]
[Black "Ermekbaev, Iliyas"]
[Result "0-1"]
[WhiteElo "1828"]
[BlackElo "1621"]
[Annotator "NA"]
[PlyCount "122"]
[EventDate "2024.08.01"]
[EventType "team-tourn"]
[EventCountry "KAZ"]
[SourceTitle "playchess.com"]
[Source "ChessBase"]
[SourceQuality "1"]

1. d4 Nf6 2. c4 g6 3. Nc3 Bg7 4. Nf3 O-O 5. e4 d6 6. Be2 e5 7. dxe5 dxe5 8. Qxd8 Rxd8 9. Nd5 Nxd5 10. cxd5 c6 11. Bc4 cxd5 12. Bxd5 Na6 13. Bg5 Re8 14. O-O-O Nc7 15. Bb3 Be6 16. Bxe6 Nxe6 17. Be3 Rac8+ 18. Kb1 b6 19. Rd5 Rc4 20. Nd2 Rc6 21. f3 Rec8 22. Nb3 a5 23. Rhd1 a4 24. Nc1 Nd4 25. Bxd4 exd4 26. Ne2 Rc2 27. Nxd4 Rxg2 28. e5 Rxh2 29. a3 h5 30. Rb5 Rd8 31. Rxb6 Bxe5 32. Rb4 Rh4 33. Rxa4 Rhxd4 34. Rdxd4 Rxd4 35. Ra8+ Kg7 36. b4 Rd3 37. Kc2 Rc3+ 38. Kd2 Rxf3 39. b5 Rf6 40. a4 Bc7 41. a5 Bxa5+ 42. Rxa5 Rb6 43. Kc3 h4 44. Kc4 g5 45. Kc5 Rb8 46. b6 h3 47. Kc6 Kf6 48. Ra4 h2 49. Ra1 g4 50. Kc7 Rxb6 51. Kxb6 g3 52. Rf1+ Kg5 53. Rxf7 h1=Q 54. Rg7+ Kf4 55. Rf7+ Ke4 56. Re7+ Kd5 57. Rd7+ Ke6 58. Rc7 Qb1+ 59. Kc6 Qc2+ 60. Kb7 Qxc7+ 61. Kxc7 g2 0-1

[Event "FIDE WRBTC Blitz-Pool 2024"]
[Site "Astana"]
[Date "2024.08.05"]
[Round "1.18"]
[White "Shah Mihir"]
[Black "Sabitov, Zhaxylyk"]
[Result "1-0"]
[WhiteElo "1801"]
[BlackElo "1400"]
[Annotator "NA"]
[PlyCount "81"]
[EventDate "2024.08.01"]
[EventType "team-tourn"]
[EventCountry "KAZ"]
[SourceTitle "playchess.com"]
[Source "ChessBase"]
[SourceQuality "1"]

1. d4 d5 2. Nc3 Nf6 3. Bf4 c6 4. e3 Bf5 5. Nf3 h6 6. Bd3 Bxd3 7. cxd3 e6 8. e4 Nbd7 9. e5 Ng8 10. O-O Ne7 11. a3 Ng6 12. Be3 Be7 13. Re1 O-O 14. Qd2 Kh7 15. Rac1 Qc7 16. Ne2 Rae8 17. Ng3 f5 18. Nh5 Nh8 19. Nxg7 Kxg7 20. Bxh6+ Kg6 21. Qf4 Rg8 22. Bg5 Qd8 23. h4 Nf7 24. Re3 Bxg5 25. hxg5 Rh8 26. Nh4+ Kg7 27. Nxf5+ exf5 28. e6 Nxg5 29. exd7 Rxe3 30. fxe3 Ne6 31. Qxf5 Qxd7 32. Qe5+ Kg8 33. Rf1 Rh7 34. Rf6 Nf8 35. Qf4 Qe7 36. e4 dxe4 37. dxe4 Rg7 38. Qf5 Nh7 39. Re6 Qg5 40. Re8+ Nf8 41. Rxf8# 1-0

[Event "FIDE WRBTC Blitz-Pool 2024"]
[Site "Astana"]
[Date "2024.08.05"]
[Round "1.19"]
[White "Balguzhinov, Bakhyt"]
[Black "Sadek, Sameh"]
[Result "1-0"]
[WhiteElo "2155"]
[BlackElo "2286"]
[Annotator "ChessBase"]
[PlyCount "67"]
[EventDate "2024.08.01"]
[EventType "team-tourn"]
[EventCountry "KAZ"]
[SourceTitle "playchess.com"]
[Source "ChessBase"]
[SourceQuality "1"]

1. d4 d5 2. Nf3 Nf6 3. e3 c6 4. Bd3 Bg4 5. c4 e5 6. dxe5 dxc4 7. Bxc4 Qxd1+ 8. Kxd1 Nfd7 9. e6 fxe6 10. h3 Bxf3+ 11. gxf3 Kf7 12. f4 g6 13. Nc3 b5 14. Bb3 Nc5 15. Bc2 Bg7 16. h4 Nbd7 17. h5 Rad8 18. Ke2 e5 19. hxg6+ hxg6 20. Rg1 Rh6 21. f5 gxf5 22. Bxf5 Nf6 23. b4 Na6 24. a4 Nxb4 25. axb5 Ra8 26. b6 a6 27. b7 Rb8 28. Bc8 Ne8 29. Ne4 Nd6 30. Nxd6+ Rxd6 31. Ba3 c5 32. Rac1 Nd3 33. Rc4 Rd8 34. Bxc5 1-0

[Event "FIDE WRBTC Blitz-Pool 2024"]
[Site "Astana"]
[Date "2024.08.05"]
[Round "1.19"]
[White "Beristenov, Kair"]
[Black "Orozbaev, Eldiyar"]
[Result "1-0"]
[WhiteElo "1995"]
[BlackElo "2376"]
[Annotator "ChessBase"]
[PlyCount "135"]
[EventDate "2024.08.01"]
[EventType "team-tourn"]
[EventCountry "KAZ"]
[SourceTitle "playchess.com"]
[Source "ChessBase"]
[SourceQuality "1"]

1. e4 e6 2. d4 d5 3. Nc3 Nf6 4. Bg5 h6 5. Bxf6 Qxf6 6. a3 c6 7. Nf3 Qd8 8. Bd3 Nd7 9. Qe2 Be7 10. O-O O-O 11. Rad1 a5 12. a4 b6 13. Nb1 Bb7 14. c3 Re8 15. e5 c5 16. Bb5 Qc7 17. Nbd2 Rec8 18. Nb3 Nb8 19. Rc1 c4 20. Nbd2 Bc6 21. Bxc6 Qxc6 22. Ra1 Nd7 23. Ne1 Rab8 24. f4 b5 25. axb5 Rxb5 26. Ra2 Rcb8 27. Nb1 Qb6 28. Rf2 Nf8 29. g4 a4 30. Nf3 Rb3 31. f5 a3 32. Nxa3 Bxa3 33. Rxa3 Rxa3 34. bxa3 exf5 35. gxf5 Qb1+ 36. Ne1 Qc1 37. Qd2 Qxd2 38. Rxd2 Rb3 39. Rc2 Rxa3 40. Ng2 Nd7 41. Nf4 Nb6 42. h4 Kf8 43. Rb2 Rb3 44. Rc2 Ke7 45. Kf2 Kd7 46. Ke3 Kc6 47. Kd2 Na4 48. h5 Rb1 49. Ra2 Nb6 50. Ra7 Rf1 51. Ke3 f6 52. e6 Nc8 53. Rxg7 Nd6 54. Rg4 Nxf5+ 55. Ke2 Rc1 56. Kd2 Rf1 57. Ke2 Ra1 58. Rg6 Ra2+ 59. Kf3 Nh4+ 60. Kg4 Nxg6 61. hxg6 Kd6 62. Kf5 Ra7 63. Nh5 Ke7 64. g7 Ra8 65. Nxf6 h5 66. g8=Q Rxg8 67. Nxg8+ Kf8 68. Nf6 1-0

[Event "FIDE WRBTC Blitz-Pool 2024"]
[Site "Astana"]
[Date "2024.08.05"]
[Round "1.19"]
[White "Primbetov, Nurassyl"]
[Black "Zemlyanskii, Ivan"]
[Result "0-1"]
[WhiteElo "1784"]
[BlackElo "2543"]
[Annotator "ChessBase"]
[PlyCount "72"]
[EventDate "2024.08.01"]
[EventType "team-tourn"]
[EventCountry "KAZ"]
[SourceTitle "playchess.com"]
[Source "ChessBase"]
[SourceQuality "1"]

1. e4 c5 2. Nf3 e6 3. d3 Nc6 4. g3 d5 5. Nbd2 Nf6 6. Bg2 g6 7. O-O Bg7 8. Re1 O-O 9. Qe2 a5 10. Nf1 a4 11. a3 e5 12. exd5 Nxd5 13. Ne3 Be6 14. Nc4 f6 15. h4 b5 16. Ne3 Qd7 17. Nxd5 Bxd5 18. Be3 Nd4 19. Nxd4 Bxg2 20. Nxb5 Bc6 21. Nc3 Qh3 22. Ne4 f5 23. Bxc5 fxe4 24. dxe4 Rfd8 25. Bb4 Rd4 26. Qf3 Rad8 27. c3 Rd3 28. Qg2 Qg4 29. c4 R8d4 30. Bc3 Rxe4 31. Rxe4 Bxe4 32. Qh2 Rd1+ 33. Be1 Rxa1 34. f3 Qxf3 35. Qd2 Rxe1+ 36. Qxe1 Qg2# 0-1

[Event "FIDE WRBTC Blitz-Pool 2024"]
[Site "Astana"]
[Date "2024.08.05"]
[Round "1.20"]
[White "Samadov, Read"]
[Black "Tulegenov, Amir"]
[Result "1-0"]
[WhiteElo "2509"]
[BlackElo "1858"]
[Annotator "ChessBase"]
[PlyCount "67"]
[EventDate "2024.08.01"]
[EventType "team-tourn"]
[EventCountry "KAZ"]
[SourceTitle "playchess.com"]
[Source "ChessBase"]
[SourceQuality "1"]

1. d4 Nf6 2. c4 g6 3. Nc3 d5 4. cxd5 Nxd5 5. e4 Nxc3 6. bxc3 Bg7 7. Bc4 c5 8. Ne2 O-O 9. Be3 Nc6 10. O-O Qc7 11. Rc1 b6 12. Qd2 Bb7 13. h4 Rfd8 14. Bd3 Qd7 15. Bb5 a6 16. Bxc6 Bxc6 17. d5 Bb7 18. c4 Qg4 19. f3 Qc8 20. h5 e6 21. h6 Bh8 22. Rfd1 exd5 23. cxd5 Qd7 24. Rb1 Rac8 25. Rxb6 c4 26. Bd4 Qc7 27. Rdb1 Ba8 28. Bxh8 Kxh8 29. Qd4+ f6 30. Rxf6 Kg8 31. Nc3 Qe7 32. Rbb6 Rd7 33. Rbe6 Qc5 34. Re8+ 1-0

[Event "FIDE WRBTC Blitz-Pool 2024"]
[Site "Astana"]
[Date "2024.08.05"]
[Round "1.20"]
[White "Zhakshylykov, Erzhan"]
[Black "Zeynyshev, Elnur"]
[Result "0-1"]
[WhiteElo "2327"]
[BlackElo "1812"]
[Annotator "ChessBase"]
[PlyCount "103"]
[EventDate "2024.08.01"]
[EventType "team-tourn"]
[EventCountry "KAZ"]
[SourceTitle "playchess.com"]
[Source "ChessBase"]
[SourceQuality "1"]

1. d4 Nf6 2. c4 g6 3. Nf3 Bg7 4. g3 d6 5. Bg2 O-O 6. O-O c6 7. Nc3 Bf5 8. Ne1 Qc7 9. e4 Bd7 10. h3 e5 11. Be3 Na6 12. Nd3 Rfe8 13. Re1 h6 14. Qc2 Qc8 15. g4 h5 16. dxe5 dxe5 17. f3 b6 18. Rad1 Nc7 19. c5 hxg4 20. fxg4 b5 21. Rf1 a5 22. Qf2 Re7 23. Qh4 Nce8 24. Bg5 Re6 25. Rd2 b4 26. Na4 Rb8 27. Nb6 Qc7 28. Rdf2 Rxb6 29. cxb6 Qxb6 30. Kh1 Qd4 31. Qg3 Nxe4 32. Bxe4 Qxe4+ 33. Kh2 f6 34. Bc1 Nd6 35. Nc5 Qd5 36. Nxe6 Bxe6 37. Qb3 Qxb3 38. axb3 Ne4 39. Re2 Nc5 40. Be3 Nxb3 41. Rd1 a4 42. g5 f5 43. Rd6 Bd5 44. Rxg6 f4 45. Bf2 f3 46. Rxe5 Kf7 47. Rxg7+ Kxg7 48. Re7+ Kg6 49. h4 Nd2 50. Ra7 Bb3 51. Bc5 Ne4 52. Bxb4 0-1

[Event "FIDE WRBTC Blitz-Pool 2024"]
[Site "Astana"]
[Date "2024.08.05"]
[Round "1.20"]
[White "Hassan, Sayed Barakat"]
[Black "Prokoptsov, Mikhail"]
[Result "1-0"]
[WhiteElo "2279"]
[BlackElo "1702"]
[Annotator "ChessBase"]
[PlyCount "65"]
[EventDate "2024.08.01"]
[EventType "team-tourn"]
[EventCountry "KAZ"]
[SourceTitle "playchess.com"]
[Source "ChessBase"]
[SourceQuality "1"]

1. e4 e6 2. Nf3 d5 3. e5 c5 4. b4 cxb4 5. a3 Nc6 6. axb4 Bxb4 7. c3 Ba5 8. d4 Nge7 9. Bd3 Ng6 10. h4 Bb6 11. h5 Nge7 12. h6 gxh6 13. Rxh6 Kd7 14. Ng5 Qf8 15. Qh5 Qg7 16. Nxh7 Kc7 17. Nf6 Bd7 18. Bg5 Rxh6 19. Qxh6 Qxh6 20. Bxh6 Rh8 21. Be3 Rh1+ 22. Bf1 Nf5 23. Nd2 Ba5 24. Rc1 Nxe3 25. fxe3 Rh6 26. Kf2 Rg6 27. g3 a6 28. Bd3 Rg7 29. Rh1 b5 30. Rc1 b4 31. c4 dxc4 32. Nxc4 Kd8 33. Be4 1-0

[Event "FIDE WRBTC Blitz-Pool 2024"]
[Site "Astana"]
[Date "2024.08.05"]
[Round "1.21"]
[White "Borumbayev, Adil"]
[Black "Sharshenbekov, Emir"]
[Result "0-1"]
[WhiteElo "1848"]
[BlackElo "2078"]
[Annotator "ChessBase"]
[PlyCount "76"]
[EventDate "2024.08.01"]
[EventType "team-tourn"]
[EventCountry "KAZ"]
[SourceTitle "playchess.com"]
[Source "ChessBase"]
[SourceQuality "1"]

1. d4 f5 2. c4 Nf6 3. Nc3 g6 4. g3 Bg7 5. Bg2 O-O 6. Nf3 d6 7. O-O Qe8 8. d5 Na6 9. Nd4 Bd7 10. Re1 c6 11. a3 Nc7 12. e4 fxe4 13. Nxe4 Nxe4 14. Rxe4 c5 15. Ne2 Bf5 16. Re3 b5 17. Nf4 Bd4 18. Ne2 Bf6 19. Nc3 Rb8 20. cxb5 Nxb5 21. Nxb5 Qxb5 22. Ra2 Qc4 23. Ra1 Bd4 24. b3 Qa6 25. Ra2 Bxe3 26. Bxe3 Qd3 27. Rd2 Qxb3 28. Qe2 Qb5 29. Qe1 Qb1 30. Rd1 Qa2 31. Bg5 Rb1 32. Bxe7 Re8 33. Rxb1 Qxb1 34. Qxb1 Bxb1 35. Bxd6 Re1+ 36. Bf1 Bd3 37. Bxc5 Bxf1 38. d6 Bh3# 0-1

[Event "FIDE WRBTC Blitz-Pool 2024"]
[Site "Astana"]
[Date "2024.08.05"]
[Round "1.21"]
[White "Omarbek, Adlet"]
[Black "Shogdzhiev, Roman"]
[Result "0-1"]
[WhiteElo "1713"]
[BlackElo "2124"]
[Annotator "ChessBase"]
[PlyCount "108"]
[EventDate "2024.08.01"]
[EventType "team-tourn"]
[EventCountry "KAZ"]
[SourceTitle "playchess.com"]
[Source "ChessBase"]
[SourceQuality "1"]

1. e4 b6 2. d4 Bb7 3. Nc3 g6 4. g3 Bg7 5. Bg2 e6 6. Nge2 Ne7 7. O-O d6 8. Be3 Nd7 9. Qd2 O-O 10. f4 d5 11. e5 c5 12. Nb5 Nf5 13. Bf2 a6 14. Nbc3 h5 15. Rae1 c4 16. Nd1 b5 17. Ne3 Re8 18. Nxf5 exf5 19. a3 Nf8 20. Bf3 Ne6 21. h3 Bc8 22. Kh2 a5 23. Nc3 Nc7 24. Ne2 Qe7 25. c3 Rb8 26. Rg1 b4 27. axb4 axb4 28. Ra1 b3 29. Be3 Be6 30. Ra7 Qd8 31. Rga1 Nb5 32. R7a5 Bf8 33. Qc1 Qc7 34. Kg2 Be7 35. Kf2 Qd7 36. Ke1 h4 37. Kf2 hxg3+ 38. Nxg3 Bh4 39. Kg2 Kh7 40. Ne2 Qe7 41. Bf2 Rg8 42. Bxh4 Qxh4 43. Qe1 Qe7 44. Kh2 g5 45. fxg5 Qxg5 46. Qg3 Qh6 47. Qf2 f4 48. Bg2 Rg4 49. Rf1 Rbg8 50. Rg1 Rh4 51. Qf3 Nc7 52. Ra7 Ne8 53. Qf2 Rxh3+ 54. Bxh3 Qxh3# 0-1

[Event "FIDE WRBTC Blitz-Pool 2024"]
[Site "Astana"]
[Date "2024.08.05"]
[Round "1.21"]
[White "Semenov, Miroslav"]
[Black "Wafa, Hamed"]
[Result "0-1"]
[WhiteElo "1512"]
[BlackElo "2345"]
[Annotator "ChessBase"]
[PlyCount "49"]
[EventDate "2024.08.01"]
[EventType "team-tourn"]
[EventCountry "KAZ"]
[SourceTitle "playchess.com"]
[Source "ChessBase"]
[SourceQuality "1"]

1. e4 c5 2. d4 cxd4 3. c3 Nf6 4. e5 Nd5 5. cxd4 d6 6. Nf3 Nc6 7. Bc4 dxe5 8. Nxe5 e6 9. Qf3 Nxe5 10. dxe5 Bd7 11. O-O Bc6 12. Qg3 h5 13. h4 Qc7 14. Nc3 Nxc3 15. bxc3 Bxg2 16. Qxg2 Qxc4 17. Qxb7 Rc8 18. Be3 Be7 19. Bxa7 Qg4+ 20. Qg2 Qxh4 21. Qxg7 Kd7 22. Rfd1+ Kc7 23. Qxf7 Rcf8 24. Bb6+ Kb8 25. Ba7+ 0-1

[Event "FIDE WRBTC Blitz-Pool 2024"]
[Site "Astana"]
[Date "2024.08.05"]
[Round "1.22"]
[White "Wageih, Kareim"]
[Black "Derksen, Vadim"]
[Result "1-0"]
[WhiteElo "2402"]
[BlackElo "1735"]
[Annotator "RC"]
[PlyCount "59"]
[EventDate "2024.08.01"]
[EventType "team-tourn"]
[EventCountry "KAZ"]
[SourceTitle "playchess.com"]
[Source "ChessBase"]
[SourceQuality "1"]

1. d4 g6 2. Nf3 Bg7 3. e3 b6 4. c4 Bb7 5. Nc3 d6 6. Be2 Nd7 7. O-O e6 8. b4 Ne7 9. a4 a6 10. Ba3 c5 11. bxc5 dxc5 12. Qb3 Qc7 13. Rad1 O-O 14. d5 exd5 15. Nxd5 Nxd5 16. cxd5 Qd6 17. e4 Ne5 18. Nxe5 Bxe5 19. g3 Rfe8 20. f4 Bg7 21. e5 Bxe5 22. fxe5 Qxe5 23. Bf3 Rad8 24. d6 Bxf3 25. Rxf3 Rd7 26. Bb2 Qe4 27. Rdf1 Rf8 28. Qxb6 Qxa4 29. Qxc5 Qc2 30. Qxc2 1-0

[Event "FIDE WRBTC Blitz-Pool 2024"]
[Site "Astana"]
[Date "2024.08.05"]
[Round "1.22"]
[White "Bivol, Alina"]
[Black "Shakhman, Asanali"]
[Result "1-0"]
[WhiteElo "2345"]
[BlackElo "1537"]
[Annotator "ChessBase"]
[PlyCount "104"]
[EventDate "2024.08.01"]
[EventType "team-tourn"]
[EventCountry "KAZ"]
[SourceTitle "playchess.com"]
[Source "ChessBase"]
[SourceQuality "1"]

1. e4 c6 2. d4 d5 3. Nc3 dxe4 4. Nxe4 Nd7 5. Qe2 Ndf6 6. Nf3 Nxe4 7. Qxe4 Nf6 8. Qd3 Bg4 9. c3 e6 10. Ne5 Bh5 11. Bd2 Be7 12. h3 Rc8 13. g4 Bg6 14. Nxg6 hxg6 15. Bg2 Qb6 16. O-O-O c5 17. dxc5 Bxc5 18. g5 Rd8 19. Qc4 Nd7 20. Be4 Kf8 21. f4 Be7 22. Kb1 Ba3 23. Bc1 a5 24. Rd2 Ke7 25. Rhd1 Nb8 26. Rd3 Nc6 27. Rxd8 Rxd8 28. Rxd8 Nxd8 29. h4 Bc5 30. h5 gxh5 31. g6 f5 32. Bf3 h4 33. Qe2 Qa6 34. c4 Nc6 35. Bd5 Nd4 36. Qe5 Kd7 37. Bxb7 Qxb7 38. Qxc5 Nc6 39. Qe3 Ke7 40. b3 Nb4 41. a3 Nc6 42. Bb2 Qd7 43. Qc3 Kf8 44. Ka2 Qe7 45. Qd3 Qd8 46. Qe3 Qd6 47. Qe1 Ke7 48. Qxh4+ Kd7 49. Bxg7 Qd2+ 50. Bb2 Nd4 51. g7 Qg2 52. Qf6 Kd6 1-0

[Event "FIDE WRBTC Blitz-Pool 2024"]
[Site "Astana"]
[Date "2024.08.05"]
[Round "1.22"]
[White "Iunusov, Nuriddin"]
[Black "Omar, Temirlan"]
[Result "1-0"]
[WhiteElo "1925"]
[BlackElo "1874"]
[Annotator "ChessBase"]
[PlyCount "101"]
[EventDate "2024.08.01"]
[EventType "team-tourn"]
[EventCountry "KAZ"]
[SourceTitle "playchess.com"]
[Source "ChessBase"]
[SourceQuality "1"]

1. e4 e6 2. d4 d5 3. Nc3 Nf6 4. Bg5 Be7 5. e5 Nfd7 6. h4 h6 7. Qh5 a6 8. O-O-O g6 9. Bxe7 Qxe7 10. Qg4 c5 11. dxc5 Nxe5 12. Qf4 Nbc6 13. Nf3 Nxf3 14. Qxf3 Bd7 15. Na4 Ne5 16. Qc3 Bxa4 17. Qxe5 O-O-O 18. b3 Bc6 19. b4 f6 20. Qg3 g5 21. hxg5 hxg5 22. Bd3 e5 23. Bf5+ Kb8 24. Rh3 Qg7 25. Rdh1 Rxh3 26. Qxh3 d4 27. Qh7 Qxh7 28. Rxh7 e4 29. Rf7 e3 30. fxe3 dxe3 31. Bd3 Bxg2 32. Rxf6 g4 33. Re6 Bd5 34. Rxe3 Bxa2 35. Bf5 Rg8 36. Rg3 Rg5 37. Be4 a5 38. c3 axb4 39. cxb4 Bd5 40. Bxd5 Rxd5 41. Rxg4 Rd3 42. Kc2 Ra3 43. Rc4 Kc7 44. Rc3 Ra2+ 45. Kd3 Rh2 46. Kc4 Rh4+ 47. Kb5 Rh7 48. Rg3 Rf7 49. Rg4 Rh7 50. Kc4 Rf7 51. b5 1-0

[Event "FIDE WRBTC Blitz-Pool 2024"]
[Site "Astana"]
[Date "2024.08.05"]
[Round "1.23"]
[White "Nauanova Zhaniya"]
[Black "Lesbekova, Assel"]
[Result "0-1"]
[WhiteElo "1835"]
[BlackElo "1903"]
[Annotator "ChessBase"]
[PlyCount "54"]
[EventDate "2024.08.01"]
[EventType "team-tourn"]
[EventCountry "KAZ"]
[SourceTitle "playchess.com"]
[Source "ChessBase"]
[SourceQuality "1"]

1. c4 e6 2. Nc3 d5 3. cxd5 exd5 4. d4 c6 5. g3 Nf6 6. Bg2 Bd6 7. Nf3 O-O 8. Ne5 Nfd7 9. f4 f6 10. Nd3 Na6 11. O-O b5 12. Nxb5 Nb6 13. Nxd6 Qxd6 14. b3 Re8 15. Bd2 Bg4 16. Bf3 Bxf3 17. Rxf3 c5 18. dxc5 Nxc5 19. Bb4 Nbd7 20. Rc1 Rac8 21. Nxc5 Qb6 22. Qxd5+ Kh8 23. Qxd7 Qxb4 24. Rfc3 Rcd8 25. Qf7 Qd4+ 26. Kg2 Rxe2+ 27. Kh3 Qd2 0-1

[Event "FIDE WRBTC Blitz-Pool 2024"]
[Site "Astana"]
[Date "2024.08.05"]
[Round "1.23"]
[White "Ivlev, Andrey"]
[Black "Wafa, Shrook"]
[Result "1/2-1/2"]
[WhiteElo "1578"]
[BlackElo "2137"]
[Annotator "ChessBase"]
[PlyCount "144"]
[EventDate "2024.08.01"]
[EventType "team-tourn"]
[EventCountry "KAZ"]
[SourceTitle "playchess.com"]
[Source "ChessBase"]
[SourceQuality "1"]

1. e4 c5 2. Nf3 Nc6 3. b3 d6 4. Bb2 Nf6 5. d3 e6 6. g3 Be7 7. Bg2 O-O 8. O-O e5 9. Nbd2 h6 10. c3 d5 11. exd5 Nxd5 12. d4 cxd4 13. cxd4 exd4 14. Nxd4 Nxd4 15. Bxd4 Be6 16. Nf3 Qd7 17. Ne5 Qd6 18. Nc4 Qd8 19. Ne3 Nxe3 20. Bxe3 Qa5 21. Bxb7 Rad8 22. Qe2 Bf6 23. Rad1 Rxd1 24. Rxd1 Qb4 25. Bg2 a5 26. Bd2 Qb6 27. Qe3 Bd4 28. Qe2 Rd8 29. Be3 Bxe3 30. Rxd8+ Qxd8 31. Qxe3 Qd1+ 32. Bf1 Qc2 33. Qe2 Qc1 34. Qb5 Qe1 35. Qe2 Qb4 36. Qd1 g6 37. Qd8+ Kh7 38. Qd1 h5 39. Qd3 Qa3 40. Qc2 Qd6 41. Qd3 Qc5 42. Qe2 h4 43. Qd2 h3 44. Qe2 Qc1 45. Qd3 Bf5 46. Qe2 Qa1 47. Qd2 Be4 48. Qe2 Bg2 49. Qd3 Bxf1 50. Qxf1 Qxa2 51. Qd3 Qa1+ 52. Qf1 Qxf1+ 53. Kxf1 Kg7 54. Ke2 Kf6 55. Ke3 Ke5 56. f4+ Kd5 57. Kd3 Kc5 58. Kc3 Kb5 59. g4 f6 60. Kc2 Kb4 61. Kb2 f5 62. gxf5 gxf5 63. Kc2 Kc5 64. Kc3 Kd5 65. Kd3 Kc5 66. Kc3 Kb5 67. Kc2 Kb4 68. Kb2 Kb5 69. Kc3 Kc5 70. Kd3 Kd5 71. Ke3 Kc5 72. Kd3 Kd5 1/2-1/2

[Event "FIDE WRBTC Blitz-Pool 2024"]
[Site "Astana"]
[Date "2024.08.05"]
[Round "1.23"]
[White "Zhankarayeva, Zhansaya"]
[Black "Tregubenko, Nikolay"]
[Result "0-1"]
[WhiteElo "1402"]
[BlackElo "2023"]
[Annotator "ChessBase"]
[PlyCount "122"]
[EventDate "2024.08.01"]
[EventType "team-tourn"]
[EventCountry "KAZ"]
[SourceTitle "playchess.com"]
[Source "ChessBase"]
[SourceQuality "1"]

1. e4 c5 2. Nf3 d6 3. d4 cxd4 4. Nxd4 Nf6 5. Nc3 a6 6. a4 e5 7. Nf3 Qc7 8. Bd3 Be7 9. O-O O-O 10. Bg5 Nbd7 11. Qe2 b6 12. Rad1 Bb7 13. h3 Nc5 14. Bxf6 Bxf6 15. Bc4 Ne6 16. Nd5 Bxd5 17. Rxd5 Nf4 18. Qd1 Qxc4 19. Rxd6 Qxe4 20. Re1 Qf5 21. Kh1 Rad8 22. Rxd8 Rxd8 23. Qc1 Nxh3 24. Qe3 Ng5 25. Nxg5 Bxg5 26. Qxe5 Qxe5 27. Rxe5 Bf4 28. Re1 f6 29. g3 Be5 30. Kg2 Bxb2 31. Re6 Bd4 32. Re1 Bc5 33. Rb1 Rd2 34. Rf1 a5 35. c3 Ra2 36. Kh3 Rxf2 37. Re1 Ra2 38. Re8+ Kf7 39. Re1 Rxa4 40. Rc1 Rc4 41. Rb1 Rxc3 42. Rf1 a4 43. Ra1 a3 44. Rb1 a2 45. Ra1 Ra3 46. Kg2 Bd4 47. Rxa2 Rxa2+ 48. Kf3 Be5 49. Ke3 Ke6 50. Kd3 Kd5 51. Ke3 Ra3+ 52. Kd2 Kd4 53. Kc2 Kc4 54. Kd2 Bd4 55. Kc2 Ra2+ 56. Kb1 Kb3 57. Kc1 Rh2 58. g4 Bc3 59. Kd1 Rg2 60. g5 fxg5 61. Kc1 Rg1# 0-1